Open Data Biblioteca Nacional de Portugal


República Portuguesa: Ministério da Cultura
Biblioteca Nacional de Portugal

Catálogo da BNP: acesso por Identificadores Unívocos
Registos Bibliográficos associados ao registo de autoridade

Etiqueta de registo: 00254nam 2200025 450
001 2288124
003 http://id.bnportugal.gov.pt/bib/catbnp/2288124
010 ## $a978-972-20-8821-3
021 ## $aPT$b562101/26
100 ## $a20260617d2026 cd y0pory01030103ba
101 1# $apor$ceng
102 ## $aPT
105 ## $aa z 000yy
106 ## $ar
200 1# $aEncontrar o caminho$epistas para abraçar a tua essência$fKalikolehua Hurley, Minji Kim$gcoord. Fátima Marques$gtrad. Pedro Branco
205 ## $a1ª ed
210 #9 $aAlfragide$cDom Quixote,$d2026
215 ## $a64 p.$cil.$d26
225 2# $aDisney Vaiana 2
304 ## $aTít. orig.: Finding the way : paths to embrace who you are
700 #1 $aHurley,$bKalikolehua$32000880
701 #1 $aKim,$bMinji$4070$32000881
702 #1 $93$aMarques,$bFátima$4340$31660403
702 #1 $aBranco,$bPedro,$4730$329197
801 #0 $aPT$bBN$gRPC
966 ## $lBN$mFGMON$x1
966 ## $lBN$mFGMON$x1
971 ## $cjbeatriz$d20260617

OpendataBNP@bnportugal.pt | Mais informação sobre acesso aos dados BNP